000 00926cam a2200181 4500500
005 20251228095013.0
041 _afre
042 _adc
100 1 0 _aPy-Daniel Lépine, Ruth
_eauthor
245 0 0 _aL’archive de mes souvenirs : Mary
260 _c2015.
500 _a88
520 _aL’auteur livre de ses archives particulières, les plus intimes, quelques événements secrets pour faire revivre des instants marquants de son enfance.
520 _aThe author reveals some secret events from her most private archives, so as to bring striking moments of her childhood back to life.
520 _aDos seus arquivos pessoais mais íntimos, o autor revela alguns acontecimentos secretos que o fazem regressar a momentos marcantes da sua infância.
786 0 _nSigila | 36 | 2 | 2015-10-01 | p. 77-82 | 1286-1715
856 4 1 _uhttps://shs.cairn.info/revue-sigila-2015-2-page-77?lang=fr&redirect-ssocas=7080
999 _c1605324
_d1605324